| 000 | 00745nam a2200289Ia 4500 | ||
|---|---|---|---|
| 005 | 20260324112417.0 | ||
| 008 | 008 260324s9999 xx 000 0 eng d | ||
| 020 | _a9781003483939 | ||
| 037 | _aEBOOK | ||
| 040 | _aCRL | ||
| 040 | _beng | ||
| 040 | _cCRL | ||
| 041 | _2eng | ||
| 041 | _aeng | ||
| 084 | _qCRL | ||
| 100 |
_aRuth Wills _91142583 |
||
| 245 | 0 | _aNature, Spirituality, and Early Childhood Education | |
| 245 | 0 | _bFostering Children’s Awareness and Responsibility through Outdoor Learning | |
| 260 | _bTaylor and Francis | ||
| 260 | _c2024 | ||
| 365 | _a | ||
| 365 | _b83.99 | ||
| 856 | _uhttp://www.taylorfrancis.com/books/9781003483939 | ||
| 942 | _cEBOOK | ||
| 999 |
_c1731778 _d1731778 |
||